Paesi più vicini alla Slovenia - Uno Minuti Sprint - Statistics

Statistiche generali
  • Questo quiz è stato fatto 33 volte
  • Il punteggio medio è 15 su 20
Statistiche sulle risposte
km nazione % Corretto
0 Austria
97%
0 Croazia
97%
0 Italia
97%
45 Bosnia ed Erzegovina
88%
118 Germania
88%
0 Ungheria
88%
224 Svizzera
84%
186 San Marino
81%
467 Albania
78%
283 Romania
75%
185 Serbia
75%
142 Slovacchia
75%
357 Montenegro
72%
299 Liechtenstein
69%
345 Polonia
66%
217 Cechia
63%
406 Città del Vaticano
63%
463 Francia
59%
478 Kosovo
59%
468 Ucraina
34%
Nessun quiz corrispondente trovato
Distribuzione punteggi
Percentuale di utenti per punteggio
Percentile per numero di risposta
I tuoi punteggi nel tempo
Non hai fatto questo quiz